000 00490nam a2200145Ia 4500
008 231217s9999 xx 000 0 und d
041 _aEnglish
082 _a294.543 HAR;1
100 _aHarris, GodfreyHarris, Kenneith L
245 0 _aImproving your concentration skills : learning to focus on the business at hand
260 _c2003
_bJaico Publishing House,
_aMumbai
300 _a112
650 _aImproving,your,concentration,skills,:,learning,focus,business,at,hand
942 _cAA
999 _c170322
_d170322